[Event "Mechanics' Winter TNM; 30/90, SD/30"]
[Site "San Francisco"]
[Date "2010.01.12"]
[Round "2.10"]
[White "Wong, Russell"]
[Black "Bultman, Charles"]
[Result "1-0"]
[WhiteElo "2212"]
[BlackElo "1714"]
[PlyCount "43"]
[EventDate "2010.??.??"]

1. b4 Nf6 2. Bb2 d6 3. e3 e5 4. c4 Be7 5. Ne2 O-O 6. Ng3 Nbd7 7. d4 exd4 8.
exd4 d5 9. c5 Re8 10. Be2 Bf8 11. O-O g6 12. Nd2 Bg7 13. f4 Nf8 14. f5 Bd7 15.
Bd3 Re3 16. Nb3 Qe7 17. Bc1 Ng4 18. Be2 Rxb3 19. axb3 Ne3 20. Bxe3 Qxe3+ 21.
Kh1 Bxd4 22. Ra2 1-0

[Event "Mechanics' Winter TNM; 30/90, SD/30"]
[Site "San Francisco"]
[Date "2010.01.26"]
[Round "4.11"]
[White "Wong, Russell"]
[Black "Palmeri, Ralph"]
[Result "1-0"]
[WhiteElo "2212"]
[BlackElo "1718"]
[PlyCount "118"]
[EventDate "2010.??.??"]

1. b4 e6 2. b5 Nf6 3. Bb2 d5 4. e3 c5 5. c4 Be7 6. Nf3 Nbd7 7. d3 O-O 8. Be2
Qc7 9. a4 Re8 10. Qc2 b6 11. a5 bxa5 12. Bc3 Nb6 13. Rxa5 Bb7 14. Nbd2 a6 15.
bxa6 Bxa6 16. O-O Bb7 17. Rb1 Nbd7 18. Rba1 Reb8 19. h3 e5 20. Rxa8 Bxa8 21.
Ba5 Qc6 22. cxd5 Nxd5 23. Nc4 Bf6 24. Rb1 Nb4 25. Bxb4 cxb4 26. e4 Qc5 27. Qb2
Bc6 28. Rc1 Qb5 29. Nd6 Qb6 30. Qb3 Rf8 31. Nc4 Qb8 32. Ncxe5 Nxe5 33. Nxe5
Qxe5 34. Rxc6 Qa1+ 35. Bd1 Bc3 36. g3 Qc1 37. Kg2 Qd2 38. Qc2 Qe1 39. Qe2 Qxe2
40. Bxe2 Ra8 41. Bd1 Kf8 42. Rb6 f6 43. Bb3 Ra7 44. f4 Ke7 45. Kf3 Kd7 46. Bd5
g6 47. g4 Kc7 48. Rb5 Kd6 49. Ke3 Be1 50. g5 fxg5 51. e5+ Ke7 52. fxg5 Rd7 53.
Ke4 Bd2 54. h4 Be1 55. Rb6 Bxh4 56. Rxb4 Bxg5 57. Rb8 Rd8 58. Rb7+ Rd7 59. Rb8
Rd8 {remainder illegible} 1-0

[Event "Mechanics' Winter TNM; 30/90, SD/30"]
[Site "San Francisco"]
[Date "2010.02.16"]
[Round "7.2"]
[White "Wong, Russell"]
[Black "Sandberg, Evan"]
[Result "0-1"]
[WhiteElo "2212"]
[BlackElo "2119"]
[PlyCount "44"]
[EventDate "2010.??.??"]

1. c4 e6 2. Nc3 d5 3. d4 c6 4. e4 dxe4 5. Nxe4 Nf6 6. Nxf6+ Qxf6 7. Nf3 Nd7 8.
Bd3 h6 9. O-O Bd6 10. Qe2 Qe7 11. Re1 O-O 12. c5 Bc7 13. Qe4 f5 14. Qxe6+ Qxe6
15. Rxe6 Nxc5 16. Re7 Bxh2+ 17. Kxh2 Nxd3 18. Ne5 Nxf2 19. Ng6 Rf6 20. Ne5 Re6
21. Rc7 Ne4 22. Be3 Nf6 {There is no defense against ...Nd5.} 0-1

[Event "Mechanics' Winter TNM; 30/90, SD/30"]
[Site "San Francisco"]
[Date "2010.01.19"]
[Round "3.19"]
[White "Yamamoto, Craig"]
[Black "Askin, Michael"]
[Result "0-1"]
[WhiteElo "1651"]
[BlackElo "1699"]
[PlyCount "98"]
[EventDate "2010.??.??"]

1. e4 c5 2. Nc3 a6 3. a4 Nc6 4. Nf3 d6 5. d4 cxd4 6. Nxd4 Nf6 7. Be2 g6 8. Nxc6
bxc6 9. O-O a5 10. f4 Qb6+ 11. Kh1 Nd7 12. Rb1 Bg7 13. Bd2 O-O 14. Bd3 Ba6 15.
Bxa6 Rxa6 16. b3 Qd4 17. Qe1 Nc5 18. Rf3 Nd7 19. Rd3 Qc5 20. Be3 Qb4 21. Bd2
Qc5 22. Be3 Qh5 23. Bd2 Nc5 24. Rg3 Qh4 25. Qe2 Raa8 26. f5 Bxc3 27. Bxc3 Qxe4
28. Qh5 e5 29. fxe6 fxe6 30. Qh6 Rf7 31. Qd2 Qf4 32. Qxf4 Rxf4 33. Kg1 Ne4 34.
Re3 Nxc3 35. Rxc3 Ra6 36. Rd3 e5 37. Rbd1 d5 38. Rf1 Rf5 39. Rc3 Kf7 40. Rxf5+
gxf5 41. g3 Kf6 42. Kg2 d4 43. Rd3 c5 44. Rd1 e4 45. h3 Ke5 46. Rf1 Rc6 47. Rf4
c4 48. Rf2 cxb3 49. cxb3 d3 0-1

[Event "Mechanics' Winter TNM; 30/90, SD/30"]
[Site "San Francisco"]
[Date "2010.02.09"]
[Round "6.21"]
[White "Yamamoto, Craig"]
[Black "Blum, Paul"]
[Result "1-0"]
[WhiteElo "1651"]
[BlackElo "629"]
[PlyCount "121"]
[EventDate "2010.??.??"]

1. e4 Nc6 2. d4 e6 3. Nf3 Bb4+ 4. Bd2 Nf6 5. Bxb4 Nxb4 6. a3 Nc6 7. Bd3 O-O 8.
c4 d5 9. e5 Ng4 10. c5 b6 11. b4 Bb7 12. b5 Na5 13. c6 Bc8 14. O-O Nc4 15. h3
Nh6 16. Qc2 a6 17. Bxh7+ Kh8 18. Nc3 axb5 19. Nxb5 Ba6 20. a4 f5 21. h4 Kxh7
22. Ng5+ Kh8 23. Qe2 Bxb5 24. axb5 Rxa1 25. Rxa1 Qe7 26. Qh5 Qe8 27. Qe2 Qe7
28. Qh5 Qe8 29. Qe2 Ng4 30. Ra4 Qe7 31. Rxc4 dxc4 32. Qxc4 Re8 33. g3 Kg8 34.
Qb3 Nh6 35. f3 Nf7 36. Nh3 Rd8 37. Nf4 Rxd4 38. Nxe6 Rd1+ 39. Qxd1 Qxe6 40. f4
Qc4 41. Qd7 Qc5+ 42. Kg2 Qc2+ 43. Kh3 Qc1 44. Qc8+ Kh7 45. Qxf5+ Kh8 46. Qc8+
Kh7 47. Qf5+ Kg8 48. Qd7 Qh1+ 49. Kg4 Nh6+ 50. Kg5 Nf7+ 51. Kg4 Nh6+ 52. Kg5
Nf7+ 53. Kh5 Qf3+ 54. Qg4 Qxg4+ 55. Kxg4 Nd8 56. f5 Kf7 57. Kg5 Kg8 58. e6 Kf8
59. Kg6 Kg8 60. e7 Nf7 61. e8=Q# 1-0